| 000 | 00906nam a2200265Ia 4500 | ||
|---|---|---|---|
| 005 | 20211111080549.0 | ||
| 008 | 130821s1999 sp gr spa | ||
| 020 | _a8446003686 | ||
| 040 |
_aCo-BoUCM _bspa |
||
| 041 | 0 | 0 | _aspa |
| 100 | 1 |
_aMorgan, Robert P. _9165097 |
|
| 245 | 1 | 3 |
_aLa música del siglo XX una historia del estilo musical en la Europa y la América modernas _cRobert P. Morgan; traducción de Patricia Sojo |
| 260 |
_aMadrid (España) _bEdiciones Akal _c1999 |
||
| 300 | _a559 páginas | ||
| 490 |
_aMúsica _v6 |
||
| 504 | _aIncluye bibliografía | ||
| 650 | 0 | 4 |
_aArte _99444 |
| 650 | 0 | 4 |
_aEstética musical _915080 |
| 650 | 0 | 4 |
_aEstilo musical _915089 |
| 650 | 0 | 4 |
_aMúsica _xHistoria _ySiglo XX _919976 |
| 700 | 1 |
_aSojo, Patricia _etrad. _9165098 |
|
| 765 | _aTwentieth-century music | ||
| 942 |
_cLIBRO _2DEWEY _a17 _e1 _h780.904 _mM847m |
||
| 999 |
_c59982 _d59982 |
||